000 00991nam0a22002891 4500
001 v19\rc\1922650
005 20260406020642.0
035 _a(NLR Aleph) 005009082
090 _a6468057
_c6468057
100 _a20080404d1912 u y0rusy50 ca
101 0 _arus
102 _aRU
105 _ay z |||||
200 1 _aПалочка проказы
_aBacillus Leprae
_fПрив.-доц. В.В. Иванов
210 _aКиев
_cтип. АО "Петр Барский в Киеве"
_d[1912]
215 _a12 с.
_d28
309 _aБез тит. л. и обл.
320 _aБиблиогр.: "Литература" (с. 12)
700 1 _8rus
_7ca
_aИванов
_bВ. В.
_cвенеролог
_f1873-1931
_gВладимир Владимирович
_3RU\NLR\AUTH\77122149
_9105074
801 0 _aRU
_bNLR
_gpsbo
801 0 _aRU
_bRuMoRGB
_2psbo
801 1 _aRU
_bProSoft-M
_2rusmarc
852 _aNLR
_j18.69.1.298
899 _aRuMoRGB
_jB 19/955
942 _cBOOK
980 _aNB